000 00363nam a22001337a 4500
003 SGT
020 _a8176211249
082 _a080
_bM02D
100 _aदास, गुरचरण
245 _aमुक्त भारत
260 _bफुल सर्किल पब्लिशिंग प्रा. लि.
_c2002
300 _a391
942 _2ddc
_cBK
999 _c31503
_d31503